Buchstabensalat #1 - Statistiken

Allgemein
  • Dieses Quiz wurde 173 mal gespielt
  • Das Durchschnittsergebnis liegt bei 10 aus 21
Antwortstatistiken
Hinweis Antwort % Korrekt
Teil des Klaviers Taste
91%
Roher Kuchen Teig
84%
Großkatze Tiger
84%
Besucher Gast
81%
Wort zum Beginn Start
68%
Nagetier Ratte
67%
Filmleitung Regie
67%
Zellulosequelle für Kühe Gras
59%
Schmale Treppe Stiege
47%
Budget Etat
45%
Herbstblume Aster
43%
Bestandteil einer Wanderung Rast
43%
Lifthaltepunkt Etage
42%
Wird geschlagen, wenn man Obiges drückt Saite
37%
Mehr als günstig Gratis
35%
Sieht Obiges von unten Sarg
30%
Trostlos Trist
28%
Fliegende Fetzen Streit
19%
Untergrund für Druckertinte Seite
18%
_, _, 1, 2, 3 Test
15%
STRATEGIE
11%
Keine übereinstimmenden Quizze gefunden
Verteilung der Resultate
Anzahl Personen mit jedem Resultat
Perzentil nach korrekt beantworteten Fragen
Ihre Resultats-Entwicklung
Sie haben dieses Quiz noch nicht gespielt